000 00687nam a2200217Ia 4500
001 15784
003 GE_BSU
008 181216s||||||||xx |||||||||||||| ||und||
040 _cGE_BSU
080 _a821.353.1 + 821.353.1-32
100 _a821.353.1
245 _aრჩეული 2 წიგნად.წ. 2
245 _bმოთხრობები
245 _cშემდგ.: ნ. ალანია ; ილ: დ. გაბაშვილი.
260 _aთბილისი
260 _bსაბჭ. საქართველო
260 _c1974
300 _a334 გვ. : 1 ფ. პორტრ.
653 _aმოთხრობები
942 _cBK
999 _c48881
_d48881